zpět

Detail výsledku týmu

Stavba, Brno

Datum a čas kvízu

22.5 Celkem bodů Celkový počet nahraných bodů na tomto kvízu bez doplňovacích otázek.
7. Pořadí na kvízu Konečné umístění týmu na tomto kvízu.

Zaznamenané odpovědi

# Otázka Odpověď Body Výsledky
1. Pražští radní jednohlasně rozh... o zrušení ohňostroje (pořádaného městem) 0
2. Vůdce brazilského drogového ga... v převleku za svou dceru, která ho přišla navštívit 0
3. Do českých kin minulý čtvrtek... Toy Story: Příběh hraček 1
4. Velká pardubická steeplechase... Česká pojišťovna 0
5. Americký basketbalista Donell... že je těhotný 0
6. V tomto tématu stačí vždy odpo... ANO 1
7. Italský fotbalový klub AC Milá... NE 1
8. Moravská Třebová je město na v... NE 1
9. YouTube je internetový server... NE 1
10. Tolstolobik bílý je sladkovodn... NE 0